Statistics for One-Syllable Words With No A, E, I O, U or Y

Click here to take the quiz!

General Stats

  • This quiz has been taken 70 times
  • The average score is 4 of 9

Answer Stats

word% Correct
exclamation indicating coldbrr
98%
urging silenceshh
85%
denotes hesitation or contemplationhmm
71%
denotes quietly attracting attentionpsst
39%
denotes disdain or impatiencetsk
20%
denotes fizzling outpfft
19%
glacially-formed hollow at a valley headcwm
15%
last in a seriesnth
15%
Celtic instrumentcrwth
8%

Score Distribution

Percentile by Number Answered

Percent of People with Each Score

Your Score History

You have not taken this quiz